[Event "Giovanni Pico Cup 7th"]
[Site "Mirandola"]
[Date "2014.01.10"]
[Round "1"]
[White "Paoli, Walter"]
[Black "Khudovekov, Nikolay"]
[Result "1-0"]
[WhiteElo "1999"]
[BlackElo "1733"]
[PlyCount "87"]
[EventDate "2014.01.10"]
[EventType "swiss"]
[EventRounds "5"]
[EventCountry "ITA"]
[SourceTitle "EXT 2015"]
[Source "ChessBase"]
[SourceDate "2014.11.20"]
[SourceVersion "1"]
[SourceVersionDate "2014.11.20"]
[SourceQuality "1"]

1. e4 d6 2. d4 Nf6 3. Nc3 e5 4. dxe5 dxe5 5. Qxd8+ Kxd8 6. Be3 Bb4 7. 0-0-0+ Ke8 8. Nge2 c6 9. f3 Be6 10. Kb1 Nbd7 11. a3 Ba5 12. Na4 Bc7 13. Nec3 b5 14. Nc5 Nxc5 15. Bxc5 Nd7 16. Be3 Bb6 17. Bc1 a5 18. Na2 Ke7 19. b3 Bd4 20. Bd2 Rhd8 21. Be2 Nb6 22. Nc1 Bc5 23. Kb2 f6 24. Nd3 Bd6 25. Be3 Rab8 26. Nc5 Bf7 27. Rd2 a4 28. Rhd1 Nc8 29. Na6 Rb7 30. Nb4 Be8 31. Na6 axb3 32. cxb3 Nb6 33. Bc5 Nc8 34. Bb4 Ra7 35. Nc5 Bf7 36. Bf1 Be8 37. g3 Bh5 38. Rd3 Bf7 39. Bh3 Nb6 40. Rxd6 Rxd6 41. Nb7 Rxb7 42. Rxd6 Ke8 43. Rxc6 Nd7 44. Rc8# 1-0

[Event "Pescia op-A 5th"]
[Site "Pescia"]
[Date "2013.10.11"]
[Round "1"]
[White "Baradaran, Arman"]
[Black "Paoli, Walter"]
[Result "1/2-1/2"]
[WhiteElo "1814"]
[BlackElo "2011"]
[PlyCount "108"]
[EventDate "2013.10.11"]
[EventType "swiss"]
[EventRounds "5"]
[EventCountry "ITA"]
[SourceTitle "EXT 2015"]
[Source "ChessBase"]
[SourceDate "2014.11.20"]
[SourceVersion "1"]
[SourceVersionDate "2014.11.20"]
[SourceQuality "1"]

1. d4 Nf6 2. c4 e6 3. Nc3 Bb4 4. Qc2 c5 5. a3 Bxc3+ 6. bxc3 Nc6 7. Nf3 d6 8. e3 0-0 9. Bd3 e5 10. d5 Ne7 11. e4 Ng6 12. 0-0 Nh5 13. g3 Qd7 14. Be2 Nf6 15. Rb1 h6 16. Re1 Qh3 17. Bf1 Qh5 18. Bg2 Bg4 19. Nd2 b6 20. f3 Bh3 21. Nf1 Bxg2 22. Qxg2 Nh7 23. Ne3 Ne7 24. Bd2 f5 25. g4 fxg4 26. fxg4 Qg6 27. Nf5 Nxf5 28. gxf5 Qxg2+ 29. Kxg2 Nf6 30. Kf3 Kf7 31. Rg1 Rg8 32. Rg6 Rab8 33. Be1 Rh8 34. Bh4 Rh7 35. Rbg1 Rc8 36. Ke3 Rb8 37. Kd3 Rc8 38. Bf2 Rd8 39. Bh4 Rb8 40. a4 a5 41. R1g3 Re8 42. Rh3 Nh5 43. Bg3 Nf6 44. Ke3 Reh8 45. Bh4 h5 46. Kf3 Rh6 47. Rhg3 Rxg6 48. Rxg6 Rh7 49. Rg2 Rh8 50. Bxf6 gxf6 51. Rg3 Rg8 52. Kg2 Rg4 53. Rxg4 hxg4 54. Kg3 Kg7 1/2-1/2

[Event "Modena Province-ch"]
[Site "Modena"]
[Date "2009.12.12"]
[Round "2"]
[White "Camerini, Lorenzo"]
[Black "Paoli, Walter"]
[Result "0-1"]
[WhiteElo "2073"]
[BlackElo "2075"]
[PlyCount "42"]
[EventDate "2009.12.11"]
[EventType "swiss"]
[EventRounds "5"]
[EventCountry "ITA"]
[SourceTitle "EXT 2012"]
[Source "ChessBase"]
[SourceDate "2011.11.24"]
[SourceVersion "1"]
[SourceVersionDate "2011.11.24"]
[SourceQuality "1"]

1. d4 Nf6 2. Nc3 d5 3. Bg5 e6 4. e4 dxe4 5. Nxe4 Be7 6. Bxf6 Bxf6 7. Nf3 Nd7 8. Bd3 0-0 9. Qe2 c5 10. c3 cxd4 11. cxd4 Qb6 12. 0-0-0 Bxd4 13. Nxd4 Qxd4 14. Bb5 Qb6 15. Kb1 Nc5 16. Rd6 Qc7 17. Rc1 f5 18. Rxc5 Qe7 19. Re5 fxe4 20. Rdxe6 Bxe6 21. Rxe6 Qg5 0-1

[Event "Mirandola Giovanni Pico op 1st"]
[Site "Mirandola"]
[Date "2008.01.13"]
[Round "5"]
[White "Bolognesi, Alberto"]
[Black "Paoli, Walter"]
[Result "1/2-1/2"]
[WhiteElo "1866"]
[BlackElo "2059"]
[PlyCount "41"]
[EventDate "2008.01.11"]
[EventType "swiss"]
[EventRounds "5"]
[EventCountry "ITA"]
[SourceTitle "EXT 2009"]
[Source "ChessBase"]
[SourceDate "2008.11.26"]
[SourceVersion "1"]
[SourceVersionDate "2008.11.26"]
[SourceQuality "1"]

1. Nf3 Nf6 2. c4 g6 3. d4 Bg7 4. g3 c6 5. Bg2 0-0 6. 0-0 d5 7. cxd5 cxd5 8. Nc3 Nc6 9. Bg5 Ne4 10. Be3 Nxc3 11. bxc3 b6 12. Ne5 Nxe5 13. dxe5 Bb7 14. f4 Rc8 15. Qd3 e6 16. a4 Qc7 17. Bd4 Ra8 18. Rfb1 Qc8 19. a5 Ba6 20. Qe3 bxa5 21. Rxa5 1/2-1/2

[Event "Correggio op 1st"]
[Site "Correggio"]
[Date "2007.12.09"]
[Round "6"]
[White "Gilevich, Artem"]
[Black "Paoli, Walter"]
[Result "1/2-1/2"]
[WhiteElo "2060"]
[BlackElo "2026"]
[PlyCount "33"]
[EventDate "2007.12.07"]
[EventType "swiss"]
[EventRounds "6"]
[EventCountry "ITA"]
[SourceTitle "EXT 2010"]
[Source "ChessBase"]
[SourceDate "2010.11.25"]
[SourceVersion "1"]
[SourceVersionDate "2010.11.25"]
[SourceQuality "1"]

1. d4 Nf6 2. Nf3 g6 3. c4 d5 4. Nc3 Bg7 5. Bg5 Ne4 6. cxd5 Nxg5 7. Nxg5 c6 8. h4 h6 9. Nf3 cxd5 10. Qb3 e6 11. e3 0-0 12. Bd3 Nc6 13. Rd1 Bd7 14. Bb1 Qb6 15. Qc2 Rac8 16. a3 e5 17. dxe5 1/2-1/2

[Event "LSS SN-2007-0-00033"]
[Site "LSS email"]
[Date "2007.04.18"]
[Round "?"]
[White "Bilbey, Brian"]
[Black "Paoli, Walter"]
[Result "1-0"]
[WhiteElo "841"]
[BlackElo "1000"]
[PlyCount "25"]
[EventDate "2007.04.13"]
[EventType "tourn (corr)"]
[EventRounds "6"]
[EventCountry "GER"]
[SourceTitle "Corr 2015"]
[Source "ChessBase"]
[SourceDate "2015.07.17"]
[SourceVersion "1"]
[SourceVersionDate "2015.07.17"]
[SourceQuality "1"]

1. Nf3 Nf6 2. d4 g6 3. c4 Bg7 4. Nc3 0-0 5. Bg5 d6 6. e3 c5 7. Be2 cxd4 8. exd4 Nc6 9. 0-0 Bd7 10. Re1 a6 11. Qd2 Rc8 12. Rac1 Na7 13. Bh6 1-0

[Event "Vignola op 5th"]
[Site "Vignola"]
[Date "2006.11.26"]
[Round "5"]
[White "Paoli, Walter"]
[Black "Vincenzi, Marco"]
[Result "1/2-1/2"]
[WhiteElo "2012"]
[BlackElo "2065"]
[PlyCount "106"]
[EventDate "2006.11.24"]
[EventType "swiss"]
[EventRounds "5"]
[EventCountry "ITA"]
[SourceTitle "EXT 2011"]
[Source "ChessBase"]
[SourceDate "2010.11.26"]
[SourceVersion "1"]
[SourceVersionDate "2010.11.26"]
[SourceQuality "1"]

1. e4 e6 2. d4 d5 3. exd5 exd5 4. Bd3 Bd6 5. Qf3 Ne7 6. Ne2 c6 7. Bf4 Bf5 8. Bxf5 Nxf5 9. Bxd6 Nxd6 10. Nd2 0-0 11. 0-0 Nd7 12. Rfe1 Qg5 13. Qf4 Qg6 14. c3 Rad8 15. Ng3 Rfe8 16. Nf3 Rxe1+ 17. Rxe1 Re8 18. Rxe8+ Nxe8 19. Qf5 Qxf5 20. Nxf5 f6 21. Kf1 Kf7 22. Ke2 Ke6 23. Ne3 Nd6 24. Ne1 h5 25. Nd3 g5 26. f3 f5 27. f4 g4 28. g3 Ne4 29. Ng2 Nb6 30. Ne3 Na4 31. Nd1 a5 32. N3f2 b5 33. Nxe4 dxe4 34. b3 Nb6 35. Ne3 Nd5 36. c4 Nxe3 37. Kxe3 a4 38. Kd2 axb3 39. axb3 bxc4 40. bxc4 Kd6 41. Kc3 Kc7 42. Kc2 Kb6 43. Kc3 Ka5 44. Kb3 Kb6 45. Kc3 Ka6 46. Kc2 Ka5 47. Kb3 e3 48. Kc3 e2 49. Kd2 Kb4 50. d5 cxd5 51. cxd5 Kc5 52. Kxe2 Kxd5 53. Ke3 Kc5 1/2-1/2

[Event "Vignola op 5th"]
[Site "Vignola"]
[Date "2006.11.25"]
[Round "3"]
[White "Paoli, Walter"]
[Black "Barbieri, Giovanni"]
[Result "1/2-1/2"]
[WhiteElo "2012"]
[BlackElo "2067"]
[PlyCount "46"]
[EventDate "2006.11.24"]
[EventType "swiss"]
[EventRounds "5"]
[EventCountry "ITA"]
[SourceTitle "EXT 2011"]
[Source "ChessBase"]
[SourceDate "2010.11.26"]
[SourceVersion "1"]
[SourceVersionDate "2010.11.26"]
[SourceQuality "1"]

1. Nf3 Nf6 2. c4 c5 3. g3 Nc6 4. Bg2 d5 5. 0-0 e5 6. cxd5 Nxd5 7. Nc3 Nc7 8. d3 Be7 9. Be3 0-0 10. Ne4 Ne6 11. Rc1 b6 12. Ned2 Bd7 13. Nc4 f6 14. Qb3 Kh8 15. Ncd2 Rc8 16. a3 Qe8 17. Ne4 h6 18. Nc3 Bd6 19. Qd1 f5 20. Ne1 Ncd4 21. Bxd4 exd4 22. Nd5 f4 23. Nc2 Bc6 1/2-1/2